000 00271nam a22001217a 4500
020 _a07214-0851-6
082 _a823
_bHAS/G
100 _aHASELDEN, MARY
245 _aGOING TO PLAY GROUND
260 _aENGLAND
_bLADY BIRD
650 _aENGLISH SHORT STORY
_zUK
942 _cBK
999 _c2609
_d2609